| 000 | 00546nam a2200217Ia 4500 | ||
|---|---|---|---|
| 003 | OSt | ||
| 005 | 20140312082111.0 | ||
| 008 | 140130s9999 xx 000 0 und d | ||
| 020 | _a9781905372478 | ||
| 050 |
_aPZ 7 _b.G776 2006 |
||
| 100 | _aGraves, Sue. | ||
| 245 |
_cSue Graves. _aLearn to read with : _bdog in the fog / |
||
| 260 |
_bScholastic, _cc2006. _aUSA : |
||
| 300 |
_a30 p. : _bcol. ill. ; _c23 cm. |
||
| 440 | _v1 | ||
| 521 | _aG2 | ||
| 526 | _c340 | ||
| 650 |
_aDog _xJuvenile Literature |
||
| 942 |
_cBK _2lcc |
||
| 999 |
_c42021 _d42021 |
||